000 00832nam a2200133Ia 4500
008 220620s9999||||xx |||||||||||||| ||und||
022 _a16648714
100 _aTakashi Hanakawa||Luca Berdondini||Lorenzo Natale||Giancarlo Zito||Lorenzo Masia
245 0 _aChallenging the Functional Connectivity Disruption in Neurodegenerative Diseases: New Therapeutic Perspectives through Non-Invasive Neuromodulation and Cutting-Edge Technologies
546 _aEnglish[eng]
650 _arehabilitation||functional connectivity||tDCS||non-invasive techniques||neurodegeneration||biorobotics||nanotechnology||translational research||neurophysiology||neurostimulation
856 _uhttps://www.frontiersin.org/research-topics/5104/challenging-the-functional-connectivity-disruption-in-neurodegenerative-diseases-new-therapeutic-per
942 _cEB
999 _c23580
_d23580